<?xml version="1.0" encoding="UTF-8"?><?xml-stylesheet type="text/xsl" href="static/style.xsl"?><OAI-PMH xmlns="http://www.openarchives.org/OAI/2.0/" xmlns:xsi="http://www.w3.org/2001/XMLSchema-instance" xsi:schemaLocation="http://www.openarchives.org/OAI/2.0/ http://www.openarchives.org/OAI/2.0/OAI-PMH.xsd"><responseDate>2026-04-17T06:24:37Z</responseDate><request verb="GetRecord" identifier="oai:www.recercat.cat:2117/429429" metadataPrefix="marc">https://recercat.cat/oai/request</request><GetRecord><record><header><identifier>oai:recercat.cat:2117/429429</identifier><datestamp>2026-02-09T06:45:40Z</datestamp><setSpec>com_2072_1033</setSpec><setSpec>col_2072_452950</setSpec></header><metadata><record xmlns="http://www.loc.gov/MARC21/slim" xmlns:dcterms="http://purl.org/dc/terms/" xmlns:xsi="http://www.w3.org/2001/XMLSchema-instance" xmlns:doc="http://www.lyncode.com/xoai" xsi:schemaLocation="http://www.loc.gov/MARC21/slim http://www.loc.gov/standards/marcxml/schema/MARC21slim.xsd">
   <leader>00925njm 22002777a 4500</leader>
   <datafield ind2=" " ind1=" " tag="042">
      <subfield code="a">dc</subfield>
   </datafield>
   <datafield ind2=" " ind1=" " tag="720">
      <subfield code="a">Xie, Fang</subfield>
      <subfield code="e">author</subfield>
   </datafield>
   <datafield ind2=" " ind1=" " tag="720">
      <subfield code="a">Tian, Wanming</subfield>
      <subfield code="e">author</subfield>
   </datafield>
   <datafield ind2=" " ind1=" " tag="720">
      <subfield code="a">Li, Shaofan</subfield>
      <subfield code="e">author</subfield>
   </datafield>
   <datafield ind2=" " ind1=" " tag="720">
      <subfield code="a">Romera Díez, Pedro Luis</subfield>
      <subfield code="e">author</subfield>
   </datafield>
   <datafield ind2=" " ind1=" " tag="720">
      <subfield code="a">Zlotnik, Sergio</subfield>
      <subfield code="e">author</subfield>
   </datafield>
   <datafield ind2=" " ind1=" " tag="720">
      <subfield code="a">García González, Alberto</subfield>
      <subfield code="e">author</subfield>
   </datafield>
   <datafield ind2=" " ind1=" " tag="260">
      <subfield code="c">2025-04-01</subfield>
   </datafield>
   <datafield ind2=" " ind1=" " tag="520">
      <subfield code="a">The inherent brittleness of glass-fiber-reinforced polymer (GFRP) bars limits their structural applicability despite their corrosion resistance and lightweight properties. This study addresses the critical challenge of enhancing the ductility and crack resistance of GFRP-reinforced systems while maintaining their environmental resilience. Through experimental evaluation, GFRC slabs reinforced with GFRP bars are systematically compared to steel-reinforced GFRC slabs and non-bar-reinforced SFRC slabs under bending loads. Eight slabs were subjected to four-edge-supported loading following standardized procedures based on prior strength assessments. The results demonstrate that GFRP-reinforced GFRC slabs achieve an ultimate load capacity of 83.7 kN, comparable to their steel-reinforced counterparts (96.3 kN), while exhibiting progressive crack propagation and 17% higher energy absorption than non-fiber-reinforced systems. The load capacity similarities between GFRP-bar-reinforced GFRC slabs and steel-reinforced slabs are 69% for crack loading and 86% for ultimate capacity. Furthermore, this study demonstrates that the reduction factor in flexural strength design of the novel slab should be comprehensively considered, incorporating the recommended value of 0.5. The findings confirm that GFRP-bar-reinforced GFRC slabs meet key structural performance criteria, including enhanced bending capacity, energy absorption, crack resistance, and ductility. This study underscores the potential of GFRP as an effective alternative to steel reinforcement, contributing to the development of resilient and durable concrete structures in demanding environments.</subfield>
   </datafield>
   <datafield ind2=" " ind1=" " tag="520">
      <subfield code="a">This research was funded by Zhejiang Provincial Natural Science Foundation (grant number LQ17E080010) and a grant from an international cooperative program supported by Zhejiang Qinye Construction Industry Group Co., Ltd., Zhejiang 312000, China (ID: USX-UPC 2021330001000082).</subfield>
   </datafield>
   <datafield ind2=" " ind1=" " tag="520">
      <subfield code="a">Peer Reviewed</subfield>
   </datafield>
   <datafield ind2=" " ind1=" " tag="520">
      <subfield code="a">Postprint (published version)</subfield>
   </datafield>
   <datafield tag="653" ind2=" " ind1=" ">
      <subfield code="a">Àrees temàtiques de la UPC::Enginyeria civil::Materials i estructures::Càlcul d'estructures</subfield>
   </datafield>
   <datafield tag="653" ind2=" " ind1=" ">
      <subfield code="a">Glass-fiber-reinforced polymer</subfield>
   </datafield>
   <datafield tag="653" ind2=" " ind1=" ">
      <subfield code="a">Glass-fiber-reinforced concrete slabs</subfield>
   </datafield>
   <datafield tag="653" ind2=" " ind1=" ">
      <subfield code="a">Steel-fiber-reinforced concrete</subfield>
   </datafield>
   <datafield tag="653" ind2=" " ind1=" ">
      <subfield code="a">Fiber volume fraction</subfield>
   </datafield>
   <datafield tag="653" ind2=" " ind1=" ">
      <subfield code="a">Crack resistance</subfield>
   </datafield>
   <datafield tag="653" ind2=" " ind1=" ">
      <subfield code="a">Bearing capacity</subfield>
   </datafield>
   <datafield tag="653" ind2=" " ind1=" ">
      <subfield code="a">Ductility</subfield>
   </datafield>
   <datafield tag="653" ind2=" " ind1=" ">
      <subfield code="a">Alternative to steel reinforcement</subfield>
   </datafield>
   <datafield tag="653" ind2=" " ind1=" ">
      <subfield code="a">Challenging environments</subfield>
   </datafield>
   <datafield ind2="0" ind1="0" tag="245">
      <subfield code="a">Experimental study on the structural performance of glass-fiber-reinforced concrete slabs reinforced with glass-fiber-reinforced polymer (GFRP) bars: A sustainable alternative to steel in challenging environments</subfield>
   </datafield>
</record></metadata></record></GetRecord></OAI-PMH>